| 000 | 01658cam a22004934i 4500 | ||
|---|---|---|---|
| 003 | PE-LiUPU | ||
| 005 | 20250731165558.0 | ||
| 008 | 150625s r 000 0 d | ||
| 035 | _a(Sirsi) a36943 | ||
| 035 | _a(Sirsi) a36943 | ||
| 040 |
_aPE-LiUPU _bspa _cPE-LiUPU _erda |
||
| 049 | _aPRUA | ||
| 082 | 0 | 4 |
_a264.0203 _bJ77 _221 |
| 100 | 1 |
_aLang, Jovian P., _eautor. |
|
| 245 | 1 | 0 |
_aDictionary of the liturgy / _cJovian P. Lang. |
| 264 | 1 |
_aNew York : _bCatholic Book, _c1989. |
|
| 300 |
_a687 páginas : _bilustraciones ; _c24 centímetros |
||
| 336 |
_atext _2rdacontent |
||
| 337 |
_aunmediated _2rdamedia |
||
| 338 |
_avolume _2rdacarrier |
||
| 504 | _aBibliografía: páginas 683-687. | ||
| 505 | 0 | _aDiccionario de la liturgia. | |
| 526 | _aSEG44 | ||
| 526 | _aSEG26 | ||
| 526 | _aP151 | ||
| 526 | _aP150 | ||
| 526 | _aP149 | ||
| 526 | _aP146 | ||
| 526 | _aP145 | ||
| 526 | _aP126 | ||
| 526 | _aP125 | ||
| 526 | _aP92 | ||
| 526 | _aP75 | ||
| 526 | _aP74 | ||
| 526 | _aP27 | ||
| 526 | _aP15 | ||
| 910 |
_adbm _bncf _cncf _d20190606 |
||
| 942 |
_2ddc _cBOOK |
||
| 949 |
_aRC 264.0203 J77 _wDEWEY _c1 _i37919 _lRC _mBUL _r0 _sY _tBOOK _u2015-6-25 _xBIBLIOTECA _zUNKNOWN _0COMPRA _o.CIRCNOTE. No olvidar cambiar la fecha de devolución!!!!!!! _o.STAFF. Colección General |
||
| 994 |
_aC0 _bPEPRU |
||
| 596 | _a1 | ||
| 999 |
_aRC 264.0203 J77 _wDEWEY _c45071 _i37919 _f2021-11-8 _g6 _lCCODEBUL1 _mBUL _p51.89 _r0 _sY _tBOOK _u2015-6-25 _xTEOLOGIA _PP35 _0COMPRA _o.CIRCNOTE. No olvidar cambiar la fecha de devolución!!!!!!! _o.STAFF. Colección General _d45071 |
||
| 980 |
_81 _gALBERTO SANCHEZ Responsable de Automatización |
||